| 000 | 00706cam a22002533a 4500 | ||
|---|---|---|---|
| 001 | 0000766 | ||
| 003 | DO-SdBNP | ||
| 005 | 20180207102741.0 | ||
| 007 | 0000766 | ||
| 008 | 861112 1981 sp a 000 0 spa d | ||
| 010 | _a | ||
| 040 |
_aBPMSU _cspa _dBPMSU _d |
||
| 100 | 1 | _aHerrera, Juan Ignacio | |
| 245 | 1 | 0 |
_aSan Martín de Porres / _cJuan Ignacio Herrera ; ilustraciones Donato Lobo |
| 260 |
_a[Madrid, España] : _bSusaeta ediciones, _c[1981]. |
||
| 300 |
_a98 p. : _bil. _c20 cm. |
||
| 490 | 0 |
_aVidas ilustres _v3 |
|
| 600 | 0 | 0 |
_a _x |
| 700 | 1 | 2 |
_aLobo, Donato _eil. |
| 830 | 0 |
_aVidas ilustres _n3 |
|
| 942 |
_2ddc _cBK |
||
| 945 | _ainventariado, 2018 / dg | ||
| 956 |
_2YLOCKWARD _310 _8BPMSU |
||
| 999 |
_c11745 _d11745 |
||